=LDR 00000nam 2200000 4500 =001 INLIS000000000007657 =005 20231214084456 =035 ##$$a 0010-061300000007657 =008 231214###########################0###### =041 ##$$a Ind =082 ##$$a 150 =090 ##$$a 400.1, Sum b =100 ##$$a Wijaya, Juhana =245 1#$$a Psikologi bimbingan, Juhana Wijaya =260 ##$$a 1988 :$b Bandung =300 ##$$a viii, 299 hlm, 21 cm =650 #4$$a Psikologi =850 ##$$a NBPNMAT =084 ##$$a 150 WIJ p =990 ##$$a 68.231/Pro.94